| 000 | 01023nam a22002175i 4500 | ||
|---|---|---|---|
| 001 | 159342 | ||
| 003 | ES-MaACL | ||
| 005 | 20230906211542.0 | ||
| 008 | 040913s1881 fr |||| | fre d | ||
| 040 |
_aCAM _bspa _cCAM |
||
| 245 | 0 | 0 |
_aMémoires biographiques et littéraires / _cavec introduction, notices et notes par M. de Lescure. |
| 260 |
_aParis : _bLibrairie de Firmin-Didot et c\pie\s, _c1881. |
||
| 300 |
_aXVIII, 299 p. ; _c19 cm. |
||
| 490 | 1 |
_aBibliothèque des mémoires relatifs a l'histoire de France pendant le 18e siècle ; _v37. _aNouvelle série. 9 |
|
| 505 | 8 | _aContiene: Mémoires de Duclos, Florian, Mme Suard, Corancez | |
| 598 | _aSerie consta en antep. y nº 9 de la parte de serie tomado de pie de página y de final del texto. | ||
| 700 | 0 | 1 |
_aLescure, Adolphe Mathurin de. _971831 |
| 830 | 0 |
_aBibliothèque des mémoires relatifs a l'histoire de France pendant le 18e siècle ; _v37. _aNouvelle série. 9 _9221925 |
|
| 852 |
_aES-MaACL _jF-5869 _z-- Sin enc. |
||
| 999 |
_c159342 _d159342 |
||